Денежные потоки на предприятии; Информационные технологии в науке, управлении, социальной сфере и медицине; Ч. 2
| Источник: | Информационные технологии в науке, управлении, социальной сфере и медицине: сборник научных трудов Международной конференции с международным участием , 29 апреля - 2 мая 2014 г., Томск/ Национальный исследовательский Томский политехнический университет (ТПУ).— , 2014 Ч. 2.— 2014.— [С. 125-127] |
|---|---|
| Главный автор: | |
| Автор-организация: | |
| Другие авторы: | |
| Примечания: | Заглавие с титульного экрана Any company in the course of business feels the need for financial resources needed to implement relationships with other legal entities and individuals. Continuous circulation of financial and cash flow in the process means the fulfillment of obligations to the budget, partners, no outstanding debts to the enterprise and the enterprise itself, the normal pay, the necessary financial stability, solvency and profitability. |
| Язык: | русский |
| Опубликовано: |
2014
|
| Серии: | Информационные технологии в управлении производственными системами |
| Предметы: | |
| Online-ссылка: | http://www.lib.tpu.ru/fulltext/c/2014/C24/V2/052.pdf |
| Формат: | Электронный ресурс Статья |
| Запись в KOHA: | https://koha.lib.tpu.ru/cgi-bin/koha/opac-detail.pl?biblionumber=608102 |
MARC
| LEADER | 00000naa2a2200000 4500 | ||
|---|---|---|---|
| 001 | 608102 | ||
| 005 | 20260317133657.0 | ||
| 035 | |a (RuTPU)RU\TPU\conf\5532 | ||
| 035 | |a RU\TPU\conf\5531 | ||
| 090 | |a 608102 | ||
| 100 | |a 20140916d2014 k y0rusy50 ca | ||
| 101 | 0 | |a rus | |
| 102 | |a RU | ||
| 135 | |a drgn ---uucaa | ||
| 181 | 0 | |a i | |
| 182 | 0 | |a b | |
| 200 | 1 | |a Денежные потоки на предприятии |d Monetary flows |f О. О. Шевченко, В. В. Спицын | |
| 203 | |a Текст |c электронный | ||
| 225 | 1 | |a Информационные технологии в управлении производственными системами | |
| 300 | |a Заглавие с титульного экрана | ||
| 320 | |a [Библиогр.: с. 127 (4 назв.)] | ||
| 330 | |a Any company in the course of business feels the need for financial resources needed to implement relationships with other legal entities and individuals. Continuous circulation of financial and cash flow in the process means the fulfillment of obligations to the budget, partners, no outstanding debts to the enterprise and the enterprise itself, the normal pay, the necessary financial stability, solvency and profitability. | ||
| 337 | |a Adobe Reader | ||
| 461 | 1 | |0 (RuTPU)RU\TPU\conf\4263 |t Информационные технологии в науке, управлении, социальной сфере и медицине |o сборник научных трудов Международной конференции с международным участием , 29 апреля - 2 мая 2014 г., Томск |o в 2 ч. |f Национальный исследовательский Томский политехнический университет (ТПУ) |d 2014 | |
| 463 | 1 | |0 (RuTPU)RU\TPU\conf\4265 |t Ч. 2 |v [С. 125-127] |d 2014 | |
| 510 | 1 | |a Monetary flows |z eng | |
| 610 | 1 | |a труды учёных ТПУ | |
| 610 | 1 | |a электронный ресурс | |
| 610 | 1 | |a денежные потоки | |
| 610 | 1 | |a предприятия | |
| 610 | 1 | |a финансовая деятельность | |
| 610 | 1 | |a финансовые потоки | |
| 700 | 1 | |a Шевченко |b О. О. | |
| 701 | 1 | |a Спицын |b В. В. |c экономист |c доцент Томского политехнического университета, кандидат экономических наук |f 1976- |g Владислав Владимирович |3 (RuTPU)RU\TPU\pers\22756 |9 9787 | |
| 712 | 0 | 2 | |a Национальный исследовательский Томский политехнический университет (ТПУ) |b Институт социально-гуманитарных технологий (ИСГТ) |b Кафедра менеджмента (МЕН) |3 (RuTPU)RU\TPU\col\18855 |
| 801 | 2 | |a RU |b 63413507 |c 20140916 |g RCR | |
| 856 | 4 | |u http://www.lib.tpu.ru/fulltext/c/2014/C24/V2/052.pdf | |
| 942 | |c BK | ||